01119nam a2200325 u 450000100100000000500170001000800410002702000180006804100080008604300120009408200150010610000280012124500660014925000120021526000310022730000350025849000290029350000210032250000940034350000890043750000220052650000710054865000190061965000230063865000220066165000320068365000330071570000300074899900150077800005090920200120222657.0121123s2012 sp a jr 000 c spa d a97884984706660 aspa aa-ja---04aJNbSATMpe1 aSatrapi, Marjaned1969-10aPersépolis /cMarjeane Satrapi ; traducción :Albert Agut. a6a. ed. aBarcelona :bNorma,c2012. a366 p. :bil., blanco y negro. 0aColección Nómadasv3 aVolumen integral aEj.1 de la Biblioteca Colegio Norte con ISBN : 9788467907995 es la 2a ed. del año 2013. aEj.1 de la Biblioteca CALLE 63 con ISBN : 9788467907995 es la 2a ed. del año 2013. aImpreso en China. aEj.1 edición séptima del 2012 pertenece a la biblioteca Funza.14aNovela juvenil24aLiteratura juvenil24aNovela gráfica.24aInfanciavNovela gráfica.24aAventurasvNovela gráfica.1 aAgut, Albert,etraductor. c3384d3384